Normal view
MARC view
Entry Personal Name
001 - CONTROL NUMBER
- control field: 242286
003 - CONTROL NUMBER IDENTIFIER
- control field: St Aloysius Coll
005 - DATE AND TIME OF LATEST TRANSACTION
- control field: 20251014191704.0
008 - FIXED-LENGTH DATA ELEMENTS
- fixed length control field: 251014|| aca||aabn | a|a d
040 ## - CATALOGING SOURCE
- Original cataloging agency: St Aloysius Coll
- Transcribing agency: St Aloysius Coll
100 ## - HEADING--PERSONAL NAME
- Personal name: Reid, William J
670 ## - SOURCE DATA FOUND
- Source citation: Work cat.: (St Aloysius Coll)176392: Edmund Sherman 117743, Quantitative research in social work, 2013